00818 a2200205 4500003000500000005001700005040000900022082001200031100002800043245008300071260003200154300001200186505022900198538002900427650001400456651001100470942000800481999001900489952010400508Nust20170207153213.0 cNust a621.382 aAhmad, Waseem (MSEE-6) aSystem identification and equalization using neural networkscWaseem Ahmad  bMCS, NUSTc2002aRawalpindi a127,p.; aThesis outline (page-10) Channel impairments (page-15) Equalization (page-24) Adaptive equalization (page-48)Artifical neural networks (page-79) Equalization using neural networks (page-104) Results and discussion (page-116) aAlmirah No 69 Shelf No 1 aPG Thesis xMSEE-6 cTHS c181469d181469 00102ddc40708NFICaMCSbMCSd2016-12-12l0o621.382 AHMpMCSTEE-8r2016-12-08w2016-12-12yBK